000 00773nam a22002177a 4500
005 20150513160737.0
010 _aENG-112650
020 _a9788179860922
_c650.00
035 _aEN-96182
037 _bDBAD/PUB
082 _a320.934
100 _aDube, S.N.
245 0 0 _aIdeas and movements in the age of the Mauryas :
_c by S.N. Dube
_bwith special reference to Pali and Ardhamagadhi sources /
260 _aShimla
_bIndian Institute of Advanced Study
_c2012
270 _aRashtrapati Nivas
_bShimla
_e171005
300 _a368p.
_c22cm(Hb)
500 _aIncludes bibliographical references (pages 327-339) and index.
650 _aBuddhist philosophy.
650 _aSocial movements
_xReligious aspects
_xBuddhism.
942 _2ddc
_cEN
_mDUB
_h320.934
999 _c92827
_d92827